000 00277nam a22001337a 4500
008 170725b xxu||||| |||| 00| 0 eng d
020 _a0078813174
041 _aeng
080 _a004
100 _a29
101 _aSHK
245 _aDBASE II PLUS
_cJONES,E
942 _2udc
_cBK
999 _c21881
_d21881